| 000 | 00771nam a2200205Ia 4500 | ||
|---|---|---|---|
| 999 |
_c40264 _d40264 |
||
| 001 | 6872 | ||
| 003 | GE_BSU | ||
| 005 | 20200129163622.0 | ||
| 008 | 181216s1933||||ge |||||||||||||| ||geo|| | ||
| 040 | _cGE_BSU | ||
| 041 | _ageo | ||
| 080 | _a821.353.1-1 გ-66 | ||
| 100 |
_aგომიაშვილი, ალექსანდრე. _96494 |
||
| 245 |
_aლექსები / _cალექსანდრე გომიაშვილი ; პ/მ. რედ. გ. ნატროშვილი. |
||
| 264 |
_aტფილისი : _bფედერაცია, _c1933. |
||
| 300 |
_a147 გვ. ; _e14 სმ. |
||
| 653 | _aლექსები | ||
| 700 |
_aნატროშვილი, გ. _eრედაქტორი _96501 |
||
| 942 |
_cBK _2udc |
||